|
|
|
|
| LEADER |
01730nam a2200457Ia 4500 |
| 001 |
EBC3441662 |
| 003 |
MiAaPQ |
| 005 |
20200520144314.0 |
| 006 |
m o d | |
| 007 |
cr cn||||||||| |
| 008 |
080226s2008 paua sb 001 0 eng d |
| 010 |
|
|
|z 2008297270
|
| 020 |
|
|
|z 0812240456 (acid-free paper)
|
| 020 |
|
|
|z 9780812202250
|
| 020 |
|
|
|z 9780812221121
|
| 020 |
|
|
|z 9780812240450 (acid-free paper)
|
| 035 |
|
|
|a (MiAaPQ)EBC3441662
|
| 035 |
|
|
|a (Au-PeEL)EBL3441662
|
| 035 |
|
|
|a (CaPaEBR)ebr10576103
|
| 035 |
|
|
|a (CaONFJC)MIL420326
|
| 035 |
|
|
|a (OCoLC)932312615
|
| 040 |
|
|
|a MiAaPQ
|c MiAaPQ
|d MiAaPQ
|
| 050 |
|
4 |
|a HD5856.S72
|b H49 2008
|
| 082 |
0 |
4 |
|a 331.4095493
|2 22
|
| 100 |
1 |
|
|a Hewamanne, Sandya.
|
| 245 |
1 |
0 |
|a Stitching identities in a free trade zone
|h [electronic resource] :
|b gender and politics in Sri Lanka /
|c Sandya Hewamanne.
|
| 246 |
3 |
|
|a Gender and politics in Sri Lanka
|
| 260 |
|
|
|a Philadelphia, PA :
|b University of Pennsylvania Press,
|c c2008.
|
| 300 |
|
|
|a 287 p. :
|b ill.
|
| 490 |
1 |
|
|a Contemporary ethnography
|
| 504 |
|
|
|a Includes bibliographical references (p. [267]-274) and index.
|
| 533 |
|
|
|a Electronic reproduction. Ann Arbor, MI : ProQuest, 2015. Available via World Wide Web. Access may be limited to ProQuest affiliated libraries.
|
| 650 |
|
0 |
|a Women migrant labor
|z Sri Lanka.
|
| 650 |
|
0 |
|a Women
|z Sri Lanka
|x Social conditions.
|
| 650 |
|
0 |
|a Women
|z Sri Lanka
|x Economic conditions.
|
| 650 |
|
0 |
|a Sex role
|z Sri Lanka.
|
| 650 |
|
0 |
|a Free trade
|z Sri Lanka.
|
| 655 |
|
4 |
|a Electronic books.
|
| 710 |
2 |
|
|a ProQuest (Firm)
|
| 830 |
|
0 |
|a Contemporary ethnography.
|
| 856 |
4 |
0 |
|u https://ebookcentral.proquest.com/lib/matrademy/detail.action?docID=3441662
|z Click to View
|